000 00965nam a2200289 4500
003 EG-GICUC
005 20260121101208.0
008 251111s1972 ua ||||f |||| 00| 0 ara d
040 _a EG-GICUC
_bara
_c EG-GICUC
_d EG-GICUC
_erda
041 _aara
082 0 4 _221
_a345
_bف ؤ . ق
092 0 4 _221
099 _alaw1 07 345 ف ؤ . ق 1972
100 0 _aفؤاد العطار
_eمؤلف.
245 _aالقانون الإداري /
_cدكتور فؤاد العطار
264 _aالقاهرة :
_bدار النهضة العربية ,
_c1972.
300 _a656 صفحة
_c24 سم
336 _2rda content
_atext
337 _2rda media
_aComputer
338 _2rda carrier
_aOnline Resource
500 _aيشتمل علي ارجاعات ببليوجرافية
650 1 _aالقانون الإداري
_2qrmak
651 1 _2qrmak
856 4 0 _uhttps://fll.law.cu.edu.eg/fulltext/bks/B07-00450.pdf
905 _a74
942 _2ddc
_n0
_cBK
_e21
999 _c42424
_d42424